| 000 | 00882nam a2200229 i 4500 | ||
|---|---|---|---|
| 001 | 39518 | ||
| 003 | ES-MaACL | ||
| 005 | 20250725055431.0 | ||
| 007 | t| | ||
| 008 | 030303s1876 sp ||||1| spa d | ||
| 080 | _a821.134.2-13.09 | ||
| 100 | 1 |
_aCanalejas, Francisco de Paula, _d1834-1883 _eaut _934381 |
|
| 245 | 1 | 0 |
_aDe la poesía heroico-popular castellana / _cpor D. Francisco de Paula Canalejas |
| 260 |
_aMadrid : _b[s.n., _c1876] _f(Imp. a cargo de Víctor Saiz) |
||
| 300 |
_a75 páginas ; _c18 cm. |
||
| 530 | _aDisponible en formato digital | ||
| 650 | 4 |
_aPoesía épica española- _xHistoria y crítica. _916163 |
|
| 852 |
_aES-MaACL _cDEPOF _gEn portada: firma de Gustavo de Ritter, 1876 _jT-719-F-1 |
||
| 857 |
_uhttp://hdl.handle.net/2027/hvd.hnyfjb _yVersión en línea _z(Bodleian Libraries) |
||
| 942 |
_2udc _cFOLLETOS _n0 |
||
| 999 |
_c39518 _d39518 |
||